000 00907nam0a22002771 4500
001 rc\4696947
005 20130416211020.3
021 _aRU
_b[58-64457]
035 _a(NLR Aleph) 008430538
090 _a9414466
_c9414466
100 _a20130416d1958 |||y0rusy50 ca
101 0 _arus
102 _aRU
105 _aa z |||a|
200 1 _aГнездо ласточки
_eСтихи
_e[Для мл. школьного возраста
_fПредисл. В. Галкиной
_gИл.: А. Парамонов]
210 _aМосква
_cДетгиз
_d1958
215 _a48 с.
_cил.
_d22
225 1 _aКнига за книгой
700 1 _aНикитин
_bИ. С.
_f1824-1861
_gИван Саввич
702 1 _aГалкина
_bВ.
_4080
702 1 _aПарамонов
_bА.
_4440
801 0 _aRU
_bNLR
_gpsbo
801 1 _aRU
_bELAR
_2rusmarc
852 _aNLR
_j58-6/9245
942 _cBOOK
980 _aNB